000 00549nam a2200181Ia 4500
003 GCL
008 140319s9999 xx 000 0 eng d
040 _aGCL /
_cGCL
082 0 4 _a953.67
_bM K
100 1 _aMINISTRY OF PLANNING
245 1 0 _aKUWAIT AND SOCIAL DEVELOPMENT: LEADERSHIP, PLANNING POPULAR PARTICIPATION AND HUMANITARIAN ORIENTATION /
_cMINISTRY OF PLANNING
260 _a[S.N] :
_bMINISTRY OF PLANNING ،
_c1995
300 _a216 P
650 0 4 _aSTATISTICS
650 0 4 _aKUWAIT
650 0 4 _aSOCIAL DEVELOPMENT
942 _2ddc
_cBK
999 _c25589
_d25589